LEADER 00632naa a2200157 i 4500 001 000000319065 003 CaOOAMICUS 005 20180831173300.0 008 180831n it u000 u ita u 013 $a28693 040 $aSeMil$bita 100 1 $aEco, Umberto,$d<1932-2016>.$0(OLS)http://semarc/name/3132 245 10$a[Intervista a Umberto Eco]. 650 4$aLetteratura - Saggi.$0(OLS)http://semarc/subject/200 773 0 $aAmato, Giuliano <1938- >$tDove andremo a finire.$dTorino : Einaudi, 2011.$kEinaudi stile libero. Extra$z978-88-06-20589-8$gp.145-171$w()207105 996 $6245$a[Intervista a Umberto Eco]$9(OLS)http://semarc/title/392858 LEADER 01428nam a2200301 i 4500 001 000000123594 003 CaOOAMICUS 005 20040227000000.0 008 040227s2003 it u000 u ita u 013 $a96290 020 $a88-7105-162-9 040 $aSeMil$bita 100 1 $aChiodi, Maurizio,$d<1955- >.$0(OLS)http://semarc/name/13666 245 12$aL'enigma della sofferenza e la testimonianza della cura :$bteologia e filosofia dinanzi alla sfida del dolore /$cMaurizio Chiodi. 260 $aMilano :$bGlossa,$c2003. 300 $aVII, 310 p. ;$c22 cm. 490 0 $aQuodlibet ;$v12 650 4$aSofferenza - Bioetica.$0(OLS)http://semarc/subject/23615 650 4$aSofferenza - Teologia.$0(OLS)http://semarc/subject/9100 650 4$aSofferenza - Filosofia.$0(OLS)http://semarc/subject/13350 650 4$aBibbia. Antico Testamento. Salmi, 22.$0(OLS)http://semarc/subject/3795 830 0$aQuodlibet ;$v12.$0(OLS)http://semarc/title/173 850 $aSeMil 852 $aSeMil$W1$xVenegono$y1$m2KA N 12$j229261$B78266$CSeMilBibl$Z2$F80710 $81 961 $aOmaggio per recensione: Scuola Cattolica 996 $6020$a88-7105-162-9$9(OLS)http://semarc/number/109181 996 $6245$aL'enigma della sofferenza e la testimonianza della cura :$bteologia e filosofia dinanzi alla sfida del dolore$9(OLS)http://semarc/title/181737 996 $6260$aMilano :$bGlossa$9(OLS)http://semarc/publisher/29635